| 000 | 01404nam a22003737a 4500 | ||
|---|---|---|---|
| 003 | CHAP | ||
| 005 | 20220329140748.0 | ||
| 008 | 971013s1952 r 00010 d | ||
| 010 | _a57226 | ||
| 011 | _a58198 | ||
| 035 | _a62353 | ||
| 040 | _cCHAP | ||
| 082 |
_a575.1 _bS72 |
||
| 100 | 0 | 0 |
_aSrb, Adrian M. _9109330 |
| 245 | _aGeneral genetics | ||
| 260 |
_aSan Francisco : _bW.H. Freeman, _c(c.1952) |
||
| 300 |
_a561 p. _b: ilus. |
||
| 590 |
_aBATCH-UPD _b10 _c20130110 _lUCH01 _h0418 |
||
| 590 |
_aBATCH-UPD _b10 _c20130410 _lUCH01 _h0053 |
||
| 590 |
_aBATCH-UPD _b10 _c20130914 _lUCH01 _h1535 |
||
| 590 |
_aCONVERSION _b10 _c20130109 _lUCH01 _h1331 |
||
| 650 | 1 | 4 |
_aGenética. _947469 |
| 700 | 0 |
_aOwen, Ray D. _984429 |
|
| 901 | _aBK | ||
| 942 | _cLIBRO | ||
| 949 |
_a575.1 S72 _bBC _cLIBRO _d33724000400594 _eLIBRO _fc.3 _h26669 _i62353 _si |
||
| 949 |
_a575.1 S72 _bBC _cLIBRO _d33724000400636 _eLIBRO _fc.2 _h26668 _i62353 _si |
||
| 949 |
_a575.1 S72 _bBC _cLIBRO _d33724000400644 _eLIBRO _h26667 _i62353 _si |
||
| 949 |
_a575.1 S72 _bBC _cLIBRO _d33724000400651 _eLIBRO _fc.7 _h14386 _i62353 _si |
||
| 949 |
_a575.1 S72 _bBC _cLIBRO _d33724000400669 _eLIBRO _fc.6 _h26672 _i62353 _si |
||
| 949 |
_a575.1 S72 _bBC _cLIBRO _d33724000400677 _eLIBRO _fc.5 _h26671 _i62353 _si |
||
| 949 |
_a575.1 S72 _bBC _cLIBRO _d33724000400701 _eLIBRO _fc.8 _h51480 _i62353 _si |
||
| 949 |
_a575.1 S72 _bBC _cLIBRO _d33724000679015 _eLIBRO _fc.4 _h26670 _i62353 _si |
||
| 999 |
_c57226 _d57226 |
||